00342nam a22000857a 4500008004100000082001600041245014800057260004200205300000900247230605b xxu||||| |||| 00| 0 eng d a327.03bFRE aMaking Reconciliation Work: The Role of ParliamentscInter-Parliamenta Union and International Institute for Democracy and Electoral Assistance aFrancebInter-Parliamenta Unionc2005 a23 p